Collins Robert French dictionary Dictionnaire: Francais-Anglais, Anglais-Francais = French-English, English-French dictionary

Saved in:
Bibliographic Details
Format: Book
Language:English
Published: HarperCollins Pub. 2011
Tags: Add Tag
No Tags, Be the first to tag this record!

MARC

LEADER 00000nam a22000007a 4500
008 230508b |||||||| |||| 00| 0 eng d
020 |a 978-0-00-739362-6 
245 |a Collins Robert French dictionary  |g xxvi,1631French language  |b Dictionnaire: Francais-Anglais, Anglais-Francais = French-English, English-French dictionary  |c / Project manager, Teresa Alvarez, Genevieve Gerrard 
250 |b 8th ed.  |c Alvarez, Teresa {and} Gerrard Genevieve 
260 |b HarperCollins Pub.  |c 2011  |d Book  |h Glasgow  |i 691408  |l PC2640.C69  |m French language - Dictionaries - English  |m English language - Dictionaries - French 
942 |a lcc  |c BK  |e A.R.Akinniyi  |f 8:5:23 
952 |0 0  |1 0  |2 lcc  |4 0  |6 PC2640 C69  |7 0  |9 4223  |a HOL  |b RF  |o PC2640.C69  |p 2023-0152  |t 691408  |y BK 
999 |c 2117  |d 2117